000 00378nam a2200145Ia 4500
008 210210b1977 xxu||||| |||| 00| 0 eng d
082 _a181 MULS
100 _aMULLER (F Max).
245 _aSacred books of the east.V 50: General index.
260 _aNew Delhi.
_bMotilal Banarsidass.,
_c1977
300 _axiv,683
440 _a50
690 _aPhilosophy
906 _aSG01829
999 _c113390
_d113390